Tax Changes and Their Impact on Managerial Decision Making

Analýza zmien v daniach implementovaných v daňovom systéme SR a procesy v manažérskom rozhodovaní, ktoré sa snažia eliminovať možný vplyv týchto zmien na obchodné výsledky spoločností.

Enregistré dans:
Détails bibliographiques
Auteur principal: Srovnalíková, Paulína
Autres auteurs: Karbach, Rolf
Format: Chapitre de livre
Langue:anglais
Sujets:
Tags: Ajouter un tag
Pas de tags, Soyez le premier à ajouter un tag!

MARC

LEADER 00000naa$a2200000$$$4500
001 0245662
005 20240502083655.6
041 0 |a eng 
044 |a PL 
245 1 0 |a Tax Changes and Their Impact on Managerial Decision Making  |c Paulína Srovnalíková, Rolf Karbach 
520 |a Analýza zmien v daniach implementovaných v daňovom systéme SR a procesy v manažérskom rozhodovaní, ktoré sa snažia eliminovať možný vplyv týchto zmien na obchodné výsledky spoločností. 
610 2 0 |a dane 
610 2 0 |a úpravy právne 
610 2 0 |a výsledok hospodársky 
610 2 0 |a spoločnosti 
610 2 0 |a manažment 
610 2 0 |a rozhodovanie manažérske 
610 2 0 |a procesy rozhodovacie 
100 1 |a Srovnalíková, Paulína 
700 1 |a Karbach, Rolf